¿ Es la sostenibilidad una perspectiva interculturalmente sostenible? /

El hecho de reivindicar la sostenibilidad pone en evidencia la insostenibilidad del régimen económico y la civilización impuesta a la humanidad desde hace siglos. El autor se pregunta si acaso será la sostenibilidad una solución insuficiente a este problema, por cuanto no aborda el problema de fondo...

Ful tanımlama

Kaydedildi:
Detaylı Bibliyografya
Yazar: Fornet-Betancourt, Raúl
Materyal Türü: Metin
Konular:
Etiketler: Etiketle
Etiket eklenmemiş, İlk siz ekleyin!

MARC

LEADER 00000 a a2200000 04500
001 13283
003
040
100 |a Fornet-Betancourt, Raúl  
245 |a ¿ Es la sostenibilidad una perspectiva interculturalmente sostenible? /  |c Raúl Fornet-Betancourt 
520 |a El hecho de reivindicar la sostenibilidad pone en evidencia la insostenibilidad del régimen económico y la civilización impuesta a la humanidad desde hace siglos. El autor se pregunta si acaso será la sostenibilidad una solución insuficiente a este problema, por cuanto no aborda el problema de fondo: un modelo de vida, de civilización y de economía que es ya insostenible desde su misma gestación  
650 |a DESARROLLO SOSTENIBLE  
650 |a CAPITALISMO  
650 |a CULTURA  
650 |a ANALISIS TRANSCULTURAL  
773 |g número 113; páginas 409-422  
999 |c 38210  |d 38210